• 首页
  • 本馆介绍
  • 公告通知
  • 最新文献
  • 馆藏检索
  • 电子资源
  • 读者导购
  • 参考咨询
  • 我的图书馆
  • 登录
  • 详细信息显示
  • 放入我的书架
  • 预约/预借图书
  • 作者相关作品
  • 分类相关作品
  • 丛书相关作品
  • 出版社相关作品

书目信息

  • 表格格式
  • 工作单格式
  • 卡片格式
题名:
考试学引论
    
 
作者: 于信凤 著
分册:  
出版信息: 沈阳   辽宁人民出版社  1987
页数: 307页
开本: 21cm
丛书名:
单 册:
中图分类: G428
科图分类:
主题词: 考试学--理论
电子资源:
ISBN:
000 00545nam0 2200217 45
001 0187016016
005 20061109170513.70
010    @dCNY2.40
091    @a2090.93
100    @a19951122d1987 em y0chiy0121 ea
101 0  @achi
102    @aCN@b210000
105    @ay z 000yy
200 10 @a考试学引论@Akao shi xue yin lun@f于信凤著
210    @a沈阳@c辽宁人民出版社@d1987
215    @a307页@d21cm
606    @a考试学@x理论
690    @aG428@v3
701  0 @a于信凤@4著@Ayu xin feng
801  2 @aCN@bNLC@c20061109
905    @a10447@dG428@e44
    
    考试学引论/于信凤著.-沈阳:辽宁人民出版社,1987
    307页;21cm
    
    
    ISBN :CNY2.40
    
●
相关链接 在E读中查询图书 在五车中查询图书 在当当中查询图书 在豆瓣中查询图书


正题名:考试学引论     索取号:G428/44         预约/预借

序号 登录号 条形码 馆藏地/架位号 状态 备注
1 0215073   000984670   第一样本阅览室/ [索取号:G428/44] 在馆    
唐山师范学院图书馆 欢迎您!
大连网信软件有限公司© 版权所有